Zgadnij język po "Ja jestem" - Statystyki

Ogólne statystyki
  • Ten quiz został rozwiązany 20 razy
  • Średni wynik to 18 z 28
Statystyki odpowiedzi
Zdanie Język % Poprawnych
I am angielski
100%
Ich bin niemiecki
94%
我是 chiński
88%
私は japoński
88%
Já jsem czeski
82%
Je suis francuski
82%
Είμαι grecki
82%
Yo soy hiszpański
82%
Ja som słowacki
82%
Io sono włoski
82%
Én vagyok węgierski
76%
나는 koreański
71%
أنا arabski
65%
Ik ben niderlandzki / holenderski
65%
Я rosyjski
65%
Аз съм bułgarski
59%
Jeg er duński / norweski
59%
Я і є. ukraiński
59%
Jaz sem słoweński
53%
Jag är szwedzki
53%
Minä olen fiński
47%
Eu sou portugalski
47%
Aš esu litewski
41%
Ma olen estoński
35%
Eu sunt rumuński
35%
Es esmu łotewski
29%
Ben turecki
24%
Aku. indonezyjski
6%
Nie znaleziono quizów pasujących do podanych kryteriów
Rozkład punktacji
Procent ludzi z każdym wynikiem
Percentyl według liczby udzielonych odpowiedzi
Twoja historia wyników
Nie rozwiązałeś tego quizu